000 00595nam a2200157Ia 4500
008 090124s9999 xx 000 0 und d
082 _b132597
245 _a भाऊ पाध्ये यांच्या श्रेष्ठ कथा
250 _a2
260 _c2004
300 _a292
630 _a भाऊ पाध्ये यांच्या श्रेष्ठ कथा
700 _aचित्रे दिलीप पुरुषोत्तम
730 _a भाऊ पाध्ये यांच्या श्रेष्ठ कथा
942 _cBOOK
999 _c178695
_d178695